Sinh thái học và bảo vệ môi trường

Guardado en:
Detalles Bibliográficos
Autor principal: Lê Hiền Thảo.
Formato: Libro
Lenguaje:Vietnamese
Publicado: Xây dựng 1999
Etiquetas: Agregar Etiqueta
Sin Etiquetas, Sea el primero en etiquetar este registro!
Thư viện lưu trữ: Mạng thư viện Đại học Đà Nẵng
LEADER 00636nam a2200253 4500
001 000021264
003 17711
005 20150416140450.0
008 150416s1999 viesd
020 |c 28000 
041 0 |a vie 
082 1 4 |a 363.7  |b LÊ-T 
100 1 |a Lê Hiền Thảo. 
245 1 0 |a Sinh thái học và bảo vệ môi trường  |c Lê Hiền Thảo. 
260 |b Xây dựng  |c 1999 
300 |a tr.  |c cm. 
OWN |a LSP 
999 |a From the UDN01 
TYP |a Monograph 
TYP |a Printed language 
980 |a Mạng thư viện Đại học Đà Nẵng